header

The Marshall decision and native rights (Record no. 79548)

MARC details
000 -LEADER
fixed length control field 01537nam a22003614a 4500
100 1# - MAIN ENTRY--AUTHOR NAME
Personal name Coates, Kenneth,
245 14 - TITLE STATEMENT
Title The Marshall decision and native rights
260 ## - PUBLICATION, DISTRIBUTION, ETC. (IMPRINT)
Place of publication Montreal ;
-- Ithaca :
Name of publisher McGill-Queen's University Press,
Year of publication c2000.
300 ## - PHYSICAL DESCRIPTION
Number of Pages xxiii, 246 p.
490 1# - SERIES STATEMENT
Series statement McGill-Queen's native and northern series ;
500 ## - GENERAL NOTE
General note Includes index.
650 #0 - SUBJECT ADDED ENTRY--TOPICAL TERM
Topical Term Indians of North America
Topical Term Micmac Indians
Topical Term Indians of North America
Topical Term Micmac Indians
856 40 - ELECTRONIC LOCATION AND ACCESS
Uniform Resource Identifier http://site.ebrary.com/lib/rucke/Doc?id=10132709

No items available.

© 2026 Rongo University
Contact us: librarian | system librarian | Rongo university